000 00957nas a2200325 4500
001 BR0800558
003 BR-BrBNA
005 20231205111507.0
007 ta
008 230509b bl.|||p| |||| 00| 00por d
040 _aBR-BrBNA
_bpor
_cBiblioteca Nacional de Agricultura
041 _a(Pt)
072 _aH10; H20; P30
100 1 _aMoritz, M.P.
100 1 _aSimão,G.
100 1 _aCarneiro, R.G.
245 1 _aReação de aveia a Meloidogyne Incognita raças 1 e 3, e a M.Paranaensis
650 _aPRAGA DE PLANTA
650 _aDOENÇA DE PLANTA
650 _aMANEJO DO SOLO
650 _aROTAÇÃO DE CULTURA
650 _aMELOIDOGYNE INCOGNITA
650 _aNEMATÓIDE
650 _aVARIEDADE
650 _aAVEIA
650 _aRESISTÊNCIA GENÉTICA
773 0 _tNematologia Brasileira (Brazil)
_xISSN 0102-2997
_g(Dec 2003), v. 27(2) p. 207-210
_wBR0800558
909 _a202311
_bLúcia
_c55
_dLúcia Elande
942 _2AGRIS
_n0
_cANA
999 _c193040
_d193040